[Event "Africa-ch"]
[Site "Oran"]
[Date "2017.07.02"]
[Round "1"]
[White "Mwali, Chitumbo"]
[Black "Moulay, Mehdi"]
[Result "1-0"]
[WhiteElo "2356"]
[BlackElo "2055"]
[PlyCount "47"]
[EventDate "2017.07.02"]
[EventType "swiss"]
[EventRounds "9"]
[EventCountry "ALG"]
[SourceTitle "CBM 179 Extra"]
[Source "ChessBase"]
[SourceDate "2017.08.23"]
[SourceVersion "1"]
[SourceVersionDate "2017.08.23"]
[SourceQuality "1"]

1. c4 e6 2. g3 Nf6 3. Bg2 d5 4. Nf3 c6 5. 0-0 Be7 6. b3 0-0 7. Bb2 Nbd7 8. d3 b5 9. Nbd2 bxc4 10. dxc4 Bb7 11. Qc2 Rc8 12. Rfd1 Qe8 13. Rac1 c5 14. cxd5 exd5 15. Nh4 Ba6 16. Nf5 c4 17. bxc4 Bc5 18. e3 dxc4 19. Qa4 Qe6 20. Bh3 Qb6 21. Bxf6 Nxf6 22. Nxc4 Qc6 23. Qxc6 Rxc6 24. Ne5 1-0

[Event "ZAM-ch op"]
[Site "Lusaka"]
[Date "2017.03.31"]
[Round "6"]
[White "Phiri, Richmond"]
[Black "Mwali, Chitumbo"]
[Result "0-1"]
[WhiteElo "2296"]
[BlackElo "2291"]
[PlyCount "118"]
[EventDate "2017.03.29"]
[EventType "swiss"]
[EventRounds "9"]
[EventCountry "ZAM"]
[SourceTitle "EXT 2018"]
[Source "ChessBase"]
[SourceDate "2017.10.13"]
[SourceVersion "1"]
[SourceVersionDate "2017.10.13"]
[SourceQuality "1"]

1. d4 Nf6 2. Nf3 c5 3. e3 cxd4 4. exd4 e6 5. Bd3 Be7 6. 0-0 0-0 7. c3 b6 8. Qe2 Bb7 9. Nbd2 d6 10. a4 a6 11. Re1 Re8 12. Ng5 Bf8 13. Nde4 Nbd7 14. Qf3 Qc7 15. Qg3 e5 16. dxe5 dxe5 17. Nf3 Nxe4 18. Bxe4 Bxe4 19. Rxe4 f5 20. Re1 Bd6 21. Qh3 e4 22. Nd4 g6 23. Bh6 Nc5 24. f3 exf3 25. gxf3 Nd3 26. Rxe8+ Rxe8 27. Qg2 Qc4 28. Qd2 Bc5 29. Rd1 Ne5 30. Kg2 Qxa4 31. b4 Nc4 32. Qc1 Qa2+ 33. Kh3 Bd6 34. Bf4 Bxf4 35. Qxf4 Ne3 36. Rg1 Qf2 37. Qg3 Qxg3+ 38. Kxg3 Nd5 39. Ra1 Ra8 40. b5 a5 41. c4 Nb4 42. Nb3 Nd3 43. c5 Nxc5 44. Nxc5 bxc5 45. Kf4 a4 46. Ke5 Rb8 47. Rxa4 Rxb5 48. Kf6 Rb6+ 49. Kg5 Rc6 50. Ra8+ Kf7 51. Ra7+ Ke6 52. Rxh7 c4 53. Ra7 c3 54. Ra1 c2 55. Rc1 Ke5 56. h4 Kd4 57. f4 Kd3 58. h5 gxh5 59. Kxh5 Kd2 0-1

[Event "Olympiad-42"]
[Site "Baku"]
[Date "2016.09.09"]
[Round "7.3"]
[White "Rodi, Luis Ernesto"]
[Black "Mwali, Chitumbo"]
[Result "0-1"]
[WhiteElo "2340"]
[BlackElo "2335"]
[PlyCount "74"]
[EventDate "2016.09.02"]
[EventType "team-swiss"]
[EventRounds "11"]
[EventCountry "AZE"]
[SourceTitle "CBM 175"]
[Source "ChessBase"]
[SourceDate "2016.11.10"]
[SourceVersion "1"]
[SourceVersionDate "2016.11.10"]
[SourceQuality "1"]
[WhiteTeam "Uruguay"]
[BlackTeam "Zambia"]
[WhiteTeamCountry "URU"]
[BlackTeamCountry "ZAM"]

1. e4 d6 2. d4 Nf6 3. Nc3 e5 4. Nf3 Nbd7 5. h3 Be7 6. Be3 0-0 7. g4 c6 8. g5 Ne8 9. Qd2 b5 10. 0-0-0 b4 11. Ne2 Qa5 12. Kb1 c5 13. dxe5 Nxe5 14. Nxe5 dxe5 15. Nc1 Be6 16. c4 bxc3 17. Qxc3 Qxc3 18. bxc3 c4 19. Kc2 Ba3 20. Ne2 Nd6 21. Ng3 Rab8 22. Bc1 Nb5 23. Be3 Be7 24. Rd2 g6 25. Bg2 Na3+ 26. Kd1 Nb1 27. Rc2 Rfd8+ 28. Ke2 Rd3 29. Re1 Rxc3 30. Rxc3 Nxc3+ 31. Kf3 Nxa2 32. Ra1 c3 33. Bxa7 Rb3 34. Be3 c2 35. Rg1 c1Q 36. Rxc1 Nxc1 37. h4 Bc5 0-1